|
|
|
|
| LEADER |
01227nam a2200265 a 4500 |
| 001 |
3012 |
| 003 |
BD-DhAAL |
| 005 |
20141206164154.0 |
| 008 |
141206s1985 ja a 000 0 eng |
| 010 |
|
|
|a 87203585
|
| 040 |
|
|
|a DLC
|c DLC
|d DLC
|d BD-DhAAL
|
| 050 |
0 |
0 |
|a HQ766.5.T5
|b H85 1985
|
| 082 |
0 |
0 |
|a 363.9/6/09593
|2 19
|
| 100 |
1 |
|
|a Hulse, David L.
|9 6634
|
| 245 |
1 |
4 |
|a The integration of community-based family planning and development in Thailand :
|b the role of the Population and Community Development Association /
|c compiled and written by David L. Hulse, with special guidance and assistance from Mechai Viravaidya.
|
| 260 |
|
|
|a Tokyo, Japan :
|b Japanese Organization for International Cooperation in Family Planning,
|c c1985.
|
| 300 |
|
|
|a 102 p. :
|b ill. ;
|c 22 cm.
|
| 490 |
|
|
|a JOICFP documentary series ;
|v 17
|
| 541 |
|
|
|e 3012
|
| 610 |
2 |
0 |
|a Samākhom Phatthanā Prachākō̜n læ Chumchon (Thailand)
|9 6635
|
| 650 |
|
0 |
|a Family planning
|z Thailand.
|9 6636
|
| 700 |
1 |
|
|a Viravaidya, Mechai.
|9 6637
|
| 942 |
|
|
|2 ddc
|c BK
|
| 999 |
|
|
|c 33244
|d 33244
|
| 952 |
|
|
|0 0
|1 0
|2 ddc
|4 0
|6 363_960959300000000_HUL
|7 0
|9 44375
|a BRACUL
|b BRACUL
|c GEN
|d 2014-12-06
|g 0.00
|l 0
|o 363.9609593 HUL
|p 3010003012
|r 2014-12-06
|t 1
|w 2014-12-06
|y BK
|z Not price in Register
|